Países por mapa de tripuntos #2 - Estadísticas

Estadísticas generales
  • Esta prueba ha sido intentada 182 veces
  • La puntuación promedio es 23 de 27
Estadísticas de respuestas
Imagen Hint Respuesta % Correcto
China
97%
Nepal
97%
India
96%
Argentina
95%
Brasil
95%
Uruguay
95%
Turquía
94%
Grecia
93%
Argelia
92%
Finlandia
92%
Libia
92%
Moldavia
92%
Túnez
92%
Bulgaria
91%
Noruega
91%
Rumania
91%
Suecia
91%
Ucrania
91%
Eritrea
81%
Sudán
81%
Etiopía
80%
(el inferior de los dos puntos triples) Nigeria
62%
(el inferior de los dos puntos triples) Chad
61%
Francia
60%
Alemania
59%
(el inferior de los dos puntos triples) Camerún
59%
Suiza
58%
No se encontraron pruebas coincidentes
Distribución de puntuación
Porcentaje de gente con cada puntuación
Porcentaje por número respondido
Historial de tus puntuaciones
No has intentado esta prueba.